000 00383nam a2200145Ia 4500
100 _aPucknell D.A& Eshra Ghian
942 _cBK
654 _aBasic VLSI
245 _aBasic VLSI design:systems and design : Short self instructional course
260 _bPrentice Hall of India
_aNew Delhi
_c1989
082 _a621.38173
_bPUC/E
300 _a404
546 _aENGLISH
999 _c30893
_d30893